[Event "51smm A Kaltern/Tramin-Klausen"]
[Site "?"]
[Date "2020.01.25"]
[Round "6.2"]
[White "Paltrinieri, Nicholas"]
[Black "Seebacher, Michael"]
[Result "0-1"]
[WhiteElo "2263"]
[BlackElo "1978"]
[PlyCount "108"]
[EventDate "2020.01.25"]

1. e4 Nc6 2. Nc3 e5 3. f4 d6 4. Nf3 Bg4 5. Bb5 Nge7 6. h3 Bxf3 7. Qxf3 a6 8.
Bxc6+ Nxc6 9. d3 Be7 10. Be3 O-O 11. f5 Bg5 12. Bf2 Nd4 13. Bxd4 exd4 14. Ne2
Be3 15. f6 Re8 16. fxg7 Qg5 17. Rf1 Re7 18. Qf6 Qxf6 19. Rxf6 d5 20. Kf1 Kxg7
21. Rf3 dxe4 22. dxe4 Rxe4 23. Ng3 Re5 24. c3 Kg6 25. Rd1 c5 26. Ne2 Rd8 27.
cxd4 cxd4 28. g4 f5 29. Kg2 Rc8 30. Kg3 Rc2 31. gxf5+ Rxf5 32. Rxf5 Kxf5 33.
Nxd4+ Bxd4 34. Rxd4 Rxb2 35. Ra4 Re2 36. Rf4+ Kg6 37. Rg4+ Kf7 38. Rh4 Kg8 39.
Rg4+ Kf8 40. Rb4 b5 41. a4 Re5 42. axb5 axb5 43. Kf4 Rc5 44. Rb1 Ke7 45. Ra1
Ke6 46. Ra7 h5 47. Rh7 Rc4+ 48. Ke3 Rh4 49. Kf2 Rxh3 50. Rb7 Rb3 51. Rh7 Kd5
52. Rxh5+ Kc4 53. Ke2 Rc3 54. Kd2 b4 0-1

[Event "51smm A Kaltern/Tramin-Klausen"]
[Site "?"]
[Date "2020.01.25"]
[Round "6.3"]
[White "Seebacher, Reinhard"]
[Black "Bertagnolli, Alexander"]
[Result "0-1"]
[WhiteElo "1909"]
[BlackElo "2346"]
[PlyCount "90"]
[EventDate "2020.01.25"]

1. e4 c5 2. Ne2 e6 3. d4 cxd4 4. Nxd4 Qb6 5. Nb3 Qc7 6. f4 a6 7. a4 b6 8. Be2
Bb7 9. Bf3 Nf6 10. Qe2 Bb4+ 11. c3 Be7 12. O-O d5 13. N1d2 O-O 14. e5 Nfd7 15.
Nd4 Nc6 16. N2b3 Nc5 17. Be3 Nxb3 18. Nxb3 a5 19. Qf2 Ba6 20. Be2 Bxe2 21. Qxe2
Rfc8 22. Qf2 Rab8 23. Nd4 Nxd4 24. Bxd4 Bc5 25. f5 exf5 26. Qxf5 Re8 27. Kh1
Re6 28. Rf3 g6 29. Qf4 Rb7 30. Raf1 Qd8 31. Qh6 Bf8 32. Qh3 Qe8 33. Rf6 Rbe7
34. Qf3 Bg7 35. h3 Bxf6 36. exf6 Rd7 37. Qf4 Re4 38. Qh6 Qf8 39. Qd2 Rd6 40.
Qg5 h6 41. Qg3 Kh7 42. Qf2 Qd8 43. h4 h5 44. Kg1 Rde6 45. Qd2 Qd6 0-1

[Event "51smm A Kaltern/Tramin-Klausen"]
[Site "?"]
[Date "2020.01.25"]
[Round "6.4"]
[White "Zucchelli, Massimo"]
[Black "Schrott, Johann"]
[Result "1/2-1/2"]
[WhiteElo "2150"]
[BlackElo "1812"]
[PlyCount "128"]
[EventDate "2020.01.25"]

1. d4 Nf6 2. Nf3 d5 3. c4 c6 4. e3 Bg4 5. Nbd2 Nbd7 6. h3 Bh5 7. Be2 e6 8. O-O
Bd6 9. b3 O-O 10. Bb2 Re8 11. Ne5 Bxe2 12. Qxe2 Rc8 13. e4 Bb4 14. Nxd7 Nxd7
15. Nf3 f6 16. Rfd1 Qe7 17. Qd3 Qf7 18. a3 Be7 19. exd5 exd5 20. Re1 Bd6 21.
Kf1 Rxe1+ 22. Rxe1 dxc4 23. bxc4 Nf8 24. a4 Ng6 25. g3 Re8 26. Rxe8+ Qxe8 27.
Bc3 Qe6 28. Kg2 b6 29. Bd2 Ne7 30. a5 Bc7 31. a6 g6 32. Be3 Kg7 33. Bd2 Bd6 34.
Ne1 Qc8 35. c5 bxc5 36. dxc5 Bxc5 37. Be3 Bxe3 38. Qxe3 Qd7 39. Nd3 Nf5 40. Qe4
Qd5 41. Qxd5 cxd5 42. Nb4 Ne7 43. Kf3 Kf7 44. h4 Ke6 45. Ke3 Kd6 46. Kd4 h5 47.
Nd3 Nc6+ 48. Kc3 Ne7 49. Kd4 Kc6 50. Nf4 f5 51. Ne6 Kd6 52. Nf4 Kc6 53. Ne6 Kd6
54. Nf4 Nc6+ 55. Kc3 Nb8 56. Nxg6 Nxa6 57. Nf4 Nc5 58. Nxh5 Ne4+ 59. Kd4 Nxf2
60. Ng7 f4 61. gxf4 Ng4 62. h5 Nh6 63. Ne8+ Ke6 64. Nc7+ Kf5 1/2-1/2

[Event "51smm A Kaltern/Tramin-Klausen"]
[Site "?"]
[Date "2020.01.25"]
[Round "6.5"]
[White "Schrott, Ernst"]
[Black "Comai, Samuele"]
[Result "0-1"]
[WhiteElo "1867"]
[BlackElo "1897"]
[PlyCount "100"]
[EventDate "2020.01.25"]

1. e4 d5 2. exd5 Nf6 3. Nc3 Nxd5 4. Nf3 Nc6 5. d4 Bg4 6. Be2 e6 7. O-O Be7 8.
h3 Bh5 9. Nxd5 Qxd5 10. Bf4 O-O-O 11. c3 g5 12. Bg3 Rhg8 13. b4 f5 14. b5 Nb8
15. c4 Qe4 16. Be5 Nd7 17. Re1 Nxe5 18. Nxe5 Bxe2 19. Rxe2 Qxd4 20. Qe1 Bf6 21.
Rc1 Rde8 22. c5 g4 23. hxg4 Bxe5 24. Rxe5 Qxg4 25. Qf1 f4 26. f3 Qg3 27. b6
axb6 28. cxb6 Rg7 29. Rec5 c6 30. Rxc6+ bxc6 31. Qa6+ Kb8 32. Rc2 Qe1+ 33. Kh2
Qg3+ 34. Kg1 Qe1+ 35. Kh2 Qh4+ 36. Kg1 Qe7 37. Rxc6 Qb7 38. Qb5 Rxg2+ 39. Kf1
Rg5 40. Qc4 e5 41. Qc5 Rg6 42. Rxg6 hxg6 43. Qd6+ Kc8 44. Qc5+ Kd7 45. Qb5+ Qc6
46. Qd3+ Ke7 47. Qb3 Qc1+ 48. Kg2 Qd2+ 49. Kf1 Rh8 50. Qa3+ Kf6 0-1

[Event "51smm A Kaltern/Tramin-Klausen"]
[Site "?"]
[Date "2020.01.25"]
[Round "6.6"]
[White "Thaler, Elmar"]
[Black "Haller, Quentin"]
[Result "1/2-1/2"]
[WhiteElo "1679"]
[BlackElo "1797"]
[PlyCount "87"]
[EventDate "2020.01.25"]

1. e4 c6 2. d4 d5 3. e5 Bf5 4. Nf3 e6 5. Be2 h6 6. O-O Ne7 7. Nbd2 Nd7 8. Nb3
Bh7 9. Bd2 Rc8 10. a4 a6 11. Bb4 Ng6 12. Qd2 Bxb4 13. Qxb4 Qb6 14. Qxb6 Nxb6
15. Nc5 Nf4 16. Bd1 Rc7 17. Nd2 Nd7 18. Ndb3 Nxc5 19. Nxc5 a5 20. g3 Ng6 21.
Be2 O-O 22. Bd3 b6 23. Nb3 Ra8 24. f4 Ne7 25. Bxh7+ Kxh7 26. Rac1 Nf5 27. Rf3
c5 28. dxc5 bxc5 29. g4 Nd4 30. Nxd4 cxd4 31. Rd3 Rac8 32. Rxd4 Rxc2 33. Rxc2
Rxc2 34. b4 axb4 35. Rxb4 Ra2 36. f5 exf5 37. gxf5 Re2 38. e6 fxe6 39. fxe6
Rxe6 40. Rb5 Ra6 41. Rxd5 Rxa4 42. Kg2 Ra3 43. h3 g5 44. Rd6 1/2-1/2

[Event "51smm A Naturns 2-Arci"]
[Site "?"]
[Date "2020.01.25"]
[Round "6.1"]
[White "Perino, Alberto"]
[Black "Pichler, Christoph"]
[Result "1-0"]
[WhiteElo "1858"]
[BlackElo "1787"]
[PlyCount "25"]
[EventDate "2020.01.25"]

1. e4 e5 2. d4 exd4 3. c3 dxc3 4. Bc4 Nc6 5. Nf3 d6 6. O-O Bg4 7. Qb3 Qd7 8.
Bxf7+ Qxf7 9. Qxb7 Rb8 10. Qxc6+ Bd7 11. Qxc7 Rxb2 12. Bxb2 cxb2 13. Qb8+ 1-0

[Event "51smm A Naturns 2-Arci"]
[Site "?"]
[Date "2020.01.25"]
[Round "6.2"]
[White "Gurschler, Markus"]
[Black "De Nisi, Roberta"]
[Result "0-1"]
[WhiteElo "1591"]
[BlackElo "1781"]
[PlyCount "70"]
[EventDate "2020.01.25"]

1. d4 f5 2. Bf4 Nf6 3. e3 g6 4. Nf3 Bg7 5. c3 d6 6. h3 h6 7. Bc4 e6 8. Qb3 Qe7
9. Nbd2 O-O 10. O-O-O Nc6 11. Rdg1 Na5 12. Qc2 Nxc4 13. Nxc4 b5 14. Ncd2 Bb7
15. Rh2 Ne4 16. g4 g5 17. Bg3 Nxd2 18. Nxd2 f4 19. Bxf4 gxf4 20. e4 c5 21. dxc5
dxc5 22. h4 b4 23. c4 a5 24. g5 h5 25. Re1 a4 26. Rh3 Bd4 27. Re2 e5 28. f3
Rfb8 29. Qd1 Bc8 30. Rh1 Be6 31. Rg2 Kg7 32. Qf1 Kg6 33. Nb1 Qf7 34. Nd2 Be3
35. Kd1 Rd8 0-1

[Event "51smm A Naturns 2-Arci"]
[Site "?"]
[Date "2020.01.25"]
[Round "6.3"]
[White "D'Ambrosio, Luca"]
[Black "Seppi, Alexander"]
[Result "1-0"]
[WhiteElo "1761"]
[BlackElo "1514"]
[PlyCount "73"]
[EventDate "2020.01.25"]

1. d4 Nf6 2. Bg5 e6 3. e4 Be7 4. Bd3 d6 5. Nf3 Nbd7 6. O-O h6 7. Bh4 e5 8. dxe5
dxe5 9. Nbd2 c6 10. Nc4 Qc7 11. Bg3 Bd6 12. Nxd6+ Qxd6 13. Qe2 Nh5 14. Rad1
Nxg3 15. fxg3 Nb6 16. Qf2 f6 17. Nh4 Bg4 18. Be2 Qe6 19. Nf5 Bxf5 20. Bh5+ Kf8
21. exf5 Qe7 22. Rd3 e4 23. Re1 Nd5 24. c4 Nb4 25. Rde3 Nd3 26. Rxd3 g6 27.
fxg6 Kg7 28. Qf5 Rad8 29. Rxe4 Qc7 30. Rde3 Rd7 31. Qxd7+ Qxd7 32. Re7+ Qxe7
33. Rxe7+ Kg8 34. Rxb7 a5 35. g7 Rh7 36. Bg6 Rxg7 37. Rb8# 1-0

[Event "51smm A Naturns 2-Arci"]
[Site "?"]
[Date "2020.01.25"]
[Round "6.4"]
[White "Christanell, Anton"]
[Black "Rinaldo, Gaetano"]
[Result "0-1"]
[WhiteElo "1488"]
[BlackElo "1714"]
[PlyCount "48"]
[EventDate "2020.01.25"]

1. d4 Nf6 2. Nf3 b6 3. Bf4 Bb7 4. e3 d6 5. h3 Nbd7 6. Bb5 a6 7. Ba4 g6 8. O-O
Bg7 9. c3 O-O 10. Nbd2 e6 11. Rc1 Qe7 12. Bb3 h6 13. a3 e5 14. Bh2 Kh7 15. Ba2
e4 16. Ne1 Nh5 17. f3 exf3 18. Ndxf3 Qxe3+ 19. Kh1 Rae8 20. Nh4 Ng3+ 21. Bxg3
Qxg3 22. Bxf7 Qxh4 23. Nf3 Bxf3 24. Qxf3 Re7 0-1

[Event "51smm A Naturns 2-Arci"]
[Site "?"]
[Date "2020.01.25"]
[Round "6.5"]
[White "Borgese, Alessio"]
[Black "Wielander, Wolfgang"]
[Result "0-1"]
[WhiteElo "1537"]
[BlackElo "1492"]
[PlyCount "92"]
[EventDate "2020.01.25"]

1. e4 c5 2. Nf3 d6 3. d4 cxd4 4. Nxd4 Nf6 5. Nc3 a6 6. Be3 e6 7. Be2 Be7 8. Qd2
O-O 9. O-O-O Qc7 10. f4 b5 11. a3 Bb7 12. Bf3 Nbd7 13. Nb3 Rac8 14. g4 Nb6 15.
Na5 Nc4 16. Nxc4 Qxc4 17. Be2 Qc7 18. Bf3 Nd7 19. Qf2 Bf6 20. Rd3 Nc5 21. Bxc5
Qxc5 22. Qxc5 Rxc5 23. Ne2 Rfc8 24. c3 Be7 25. Rhd1 g6 26. g5 a5 27. b4 axb4
28. axb4 Rc4 29. Rd4 R4c7 30. Kb2 Kg7 31. h4 Ra8 32. Ng3 f6 33. R4d3 fxg5 34.
hxg5 Bc6 35. Ra1 Rxa1 36. Kxa1 e5 37. Ne2 Bb7 38. Kb2 exf4 39. Nxf4 Rc4 40. Nd5
Bxg5 41. Nb6 Rc6 42. Nd5 Rc8 43. Ne3 Bf4 44. Nc2 Be5 45. Nd4 Rc4 46. Nxb5 Rxb4+
0-1

[Event "51smm A Naturns 2-Arci"]
[Site "?"]
[Date "2020.01.25"]
[Round "6.6"]
[White "Koellemann, Simon"]
[Black "Egger, Jakob"]
[Result "1-0"]
[WhiteElo "1514"]
[BlackElo "1403"]
[PlyCount "61"]
[EventDate "2020.01.25"]

1. d4 Nf6 2. Bf4 d5 3. e3 Bf5 4. c3 e6 5. Qb3 b6 6. Bb5+ Nbd7 7. Bc6 Rc8 8. Qa4
a5 9. Bg5 Be7 10. Bxf6 Bxf6 11. Nf3 Bd3 12. Nbd2 Qe7 13. Rc1 Rd8 14. c4 O-O 15.
Qb3 Bg6 16. cxd5 Nb8 17. dxe6 Rd6 18. Be4 Rxe6 19. Bxg6 hxg6 20. O-O Rc6 21.
Rxc6 Nxc6 22. Rc1 Nb4 23. a3 Na6 24. Qc4 Ra8 25. Qc6 Qe8 26. Qxe8+ Rxe8 27. b3
Be7 28. Nc4 b5 29. Nxa5 Bxa3 30. Ra1 b4 31. Nc4 1-0

[Event "51smm A Naturns-Groeden"]
[Site "?"]
[Date "2020.01.25"]
[Round "6.1"]
[White "Moroder, Stephan"]
[Black "La Manna, Andrea"]
[Result "0-1"]
[WhiteElo "2143"]
[BlackElo "2156"]
[PlyCount "60"]
[EventDate "2020.01.25"]

1. e4 e5 2. Nf3 Nc6 3. Bb5 g6 4. d4 exd4 5. Bg5 Be7 6. Bxe7 Qxe7 7. O-O Nf6 8.
e5 Nd5 9. Bxc6 dxc6 10. Qxd4 O-O 11. Nbd2 Bf5 12. g4 Be6 13. c4 c5 14. Qe4 Nb4
15. a3 Nc6 16. Rfe1 Rad8 17. h3 Nd4 18. Rac1 f5 19. exf6 Qxf6 20. Nxd4 Rxd4 21.
Qe3 Bd7 22. Nb3 Rd3 23. Qxd3 Qxf2+ 24. Kh1 Bc6+ 25. Re4 Rf3 26. Qd8+ Rf8 27.
Qd3 Rf7 28. Nxc5 Qxc5 29. Rce1 Qf2 30. g5 Qxe1+ 0-1

[Event "51smm A Naturns-Groeden"]
[Site "?"]
[Date "2020.01.25"]
[Round "6.3"]
[White "Bernardi, Ruben"]
[Black "Naegele, Norbert"]
[Result "1-0"]
[WhiteElo "2101"]
[BlackElo "1817"]
[PlyCount "102"]
[EventDate "2020.01.25"]

1. e4 g6 2. f4 d6 3. Nf3 Bg7 4. Nc3 c5 5. Be2 Nc6 6. O-O Nf6 7. Qe1 Nd4 8. Nxd4
cxd4 9. Nd1 Qc7 10. Bd3 O-O 11. b3 e5 12. c4 dxc3 13. Nxc3 exf4 14. Kh1 Re8 15.
Qh4 Nxe4 16. Nxe4 Rxe4 17. Bxe4 Bxa1 18. d3 Be5 19. Bxf4 Bxf4 20. Qxf4 Be6 21.
Rc1 Qd7 22. h3 d5 23. Bf3 Rd8 24. Rc7 Qb5 25. Qf6 Re8 26. Bg4 Qb6 27. Qf4 f5
28. Bf3 Bf7 29. Kh2 a6 30. Rd7 Qc6 31. Rd6 Qb5 32. Qd4 Rc8 33. Bxd5 Bxd5 34.
Rxd5 Qe8 35. Rd7 Qf8 36. Qd5+ Kh8 37. Qxb7 Re8 38. Qc7 Qf6 39. Rxh7+ Kg8 40.
Rd7 f4 41. Qc4+ Kf8 42. Rd4 g5 43. Rd5 g4 44. Qc1 gxh3 45. Qc5+ Kg7 46. Rg5+
Kh6 47. Rh5+ Kg6 48. Rxh3 Re5 49. Qc8 Rg5 50. Qh8 Kf5 51. Qxf6+ Kxf6 1-0

[Event "51smm A Naturns-Groeden"]
[Site "?"]
[Date "2020.01.25"]
[Round "6.4"]
[White "Gurschler, Gregor"]
[Black "Moroder, Thomas"]
[Result "0-1"]
[WhiteElo "1768"]
[BlackElo "1984"]
[PlyCount "84"]
[EventDate "2020.01.25"]

1. d3 c5 2. e4 Nc6 3. Be3 b6 4. f4 g6 5. c3 Bg7 6. Nf3 d5 7. e5 Nh6 8. h3 Nf5
9. Bf2 h5 10. d4 c4 11. Nh4 Nxh4 12. Bxh4 Bf5 13. Be2 Qd7 14. Na3 b5 15. Nc2 a5
16. Ne3 Be4 17. O-O b4 18. Bf3 Bxf3 19. Qxf3 e6 20. a3 bxc3 21. bxc3 a4 22.
Rfb1 Na5 23. Ra2 Qa7 24. Bg5 Rb8 25. Qd1 Rb3 26. Qc1 Kd7 27. g4 hxg4 28. hxg4
Qb6 29. Rbb2 Bf8 30. Nd1 Rh3 31. Kg2 Rh8 32. Rf2 Rg8 33. Bf6 Rb1 34. Qc2 Qb3
35. Ne3 Be7 36. Bxe7 Kxe7 37. Rf1 Rb8 38. Rxb1 Qxb1 39. Qxb1 Rxb1 40. Nc2 Rb3
41. Ne1 Rxc3 42. Nc2 Rb3 0-1

[Event "51smm A Naturns-Groeden"]
[Site "?"]
[Date "2020.01.25"]
[Round "6.5"]
[White "Grossi, Christian"]
[Black "Gurschler, Thomas"]
[Result "1-0"]
[WhiteElo "1858"]
[BlackElo "1869"]
[PlyCount "53"]
[EventDate "2020.01.25"]

1. d4 g6 2. Nf3 Bg7 3. c4 d6 4. Nc3 Bg4 5. h3 Bxf3 6. gxf3 c6 7. e4 Nd7 8. Be3
e6 9. Qd2 h5 10. f4 Ne7 11. Bd3 f5 12. f3 Qc7 13. Rc1 Rc8 14. Qg2 Kf7 15. Rg1
Rcg8 16. e5 dxe5 17. fxe5 Qd8 18. f4 Bh6 19. d5 cxd5 20. cxd5 exd5 21. Nxd5
Nxe5 22. fxe5 Bxe3 23. Rc7 Bxg1 24. Qg5 Bc5 25. Qf6+ Ke8 26. Bb5+ Nc6 27. Qf7#
1-0

[Event "51smm A Naturns-Groeden"]
[Site "?"]
[Date "2020.01.25"]
[Round "6.6"]
[White "Naegele, Raimund"]
[Black "Casadio, Niccolo"]
[Result "1/2-1/2"]
[WhiteElo "1612"]
[BlackElo "1879"]
[PlyCount "76"]
[EventDate "2020.01.25"]

1. d4 e6 2. Nf3 Nf6 3. Nbd2 d5 4. e3 Be7 5. Bd3 O-O 6. O-O c5 7. c3 Nc6 8. dxc5
Bxc5 9. e4 e5 10. exd5 Nxd5 11. Ne4 Bb6 12. Nfg5 f5 13. Bc4 Nce7 14. Nxh7 fxe4
15. Qh5 Rf5 16. Ng5 Qd6 17. Qh7+ Kf8 18. Nxe4 Qe6 19. Bg5 Bd7 20. Bxe7+ Kxe7
21. Qxg7+ Kd8 22. Rad1 Bc6 23. Bxd5 Bxd5 24. c4 Bd4 25. cxd5 Qxd5 26. Qh8+ Kc7
27. Qxa8 Qxe4 28. Rc1+ Kb6 29. Qd8+ Ka6 30. Qd6+ b6 31. Qd7 Qf4 32. Qc8+ Ka5
33. Qc4 Bxf2+ 34. Rxf2 Qxf2+ 35. Kh1 Qxb2 36. Qd5+ b5 37. Qd8+ Ka4 38. Qd1+ Ka5
1/2-1/2

[Event "51smm B Gries-Merania"]
[Site "?"]
[Date "2020.01.25"]
[Round "6.3"]
[White "Battiston, Claudio"]
[Black "Paulmichl, Martin"]
[Result "1/2-1/2"]
[WhiteElo "1812"]
[BlackElo "1888"]
[PlyCount "49"]
[EventDate "2020.01.25"]

1. d4 e6 2. Nf3 f5 3. Bf4 Nf6 4. e3 Be7 5. h3 O-O 6. Be2 d6 7. O-O Nc6 8. c4
Qe8 9. Nc3 Kh8 10. d5 e5 11. dxc6 exf4 12. cxb7 Bxb7 13. exf4 Ne4 14. Nd5 Bd8
15. Nd4 c6 16. Ne3 Qg6 17. Bf3 Bb6 18. Nexf5 Nxf2 19. Rxf2 Rxf5 20. Nxf5 Qxf5
21. Kf1 Bxf2 22. Kxf2 Qxf4 23. Qd3 c5 24. Kg1 Bxf3 25. Qxf3 1/2-1/2

[Event "51smm B Kaltern/Tramin2-Klausen"]
[Site "?"]
[Date "2020.01.25"]
[Round "6.1"]
[White "Schrott, Karl"]
[Black "Maier, Fridolin"]
[Result "1-0"]
[WhiteElo "1960"]
[BlackElo "1805"]
[PlyCount "21"]
[EventDate "2020.01.25"]

1. e4 e5 2. Nf3 Nc6 3. Bb5 a6 4. Ba4 Nf6 5. O-O d6 6. Re1 b5 7. Bb3 Bg4 8. c3
Ne7 9. d4 Ng6 10. h3 Bd7 11. Ng5 1-0

[Event "51smm B Kaltern/Tramin2-Klausen"]
[Site "?"]
[Date "2020.01.25"]
[Round "6.2"]
[White "Dibiasi, Rainer"]
[Black "Sigmund, Ingenuin"]
[Result "1/2-1/2"]
[WhiteElo "1822"]
[BlackElo "1701"]
[PlyCount "110"]
[EventDate "2020.01.25"]

1. e4 Nf6 2. e5 Nd5 3. Bc4 e6 4. Bxd5 exd5 5. Nc3 c6 6. Nge2 d6 7. d4 dxe5 8.
dxe5 Bc5 9. O-O b5 10. Kh1 O-O 11. Nd4 a5 12. f4 a4 13. f5 b4 14. Nce2 Ba6 15.
Rf3 Re8 16. e6 Bxe2 17. exf7+ Kxf7 18. Nxe2 Qe7 19. Nf4 Qe1+ 20. Rf1 Qxd1 21.
Rxd1 Nd7 22. Ne6 Bb6 23. c4 bxc3 24. bxc3 g6 25. c4 gxf5 26. cxd5 cxd5 27. Nf4
Nf6 28. g3 d4 29. Rb1 Ra6 30. Rb5 Bc7 31. Rxf5 Bxf4 32. Rxf4 Re2 33. Bd2 Re4
34. a3 Rae6 35. Rdf1 Rxf4 36. Rxf4 Rd6 37. g4 Ke6 38. g5 Ne8 39. Re4+ Kf7 40.
Rh4 Kg8 41. Re4 Kf7 42. Kg2 Rd5 43. Rh4 Kg7 44. Rxd4 Rd6 45. Rxd6 Nxd6 46. Kf3
Kg6 47. Kg4 Nc4 48. Bb4 Ne5+ 49. Kh4 Nf3+ 50. Kg4 Nxg5 51. h4 h5+ 52. Kf4 Ne6+
53. Ke5 Ng7 54. Be7 Nf5 55. Bg5 Ng3 1/2-1/2

[Event "51smm B Kaltern/Tramin2-Klausen"]
[Site "?"]
[Date "2020.01.25"]
[Round "6.3"]
[White "Blasbichler, Robert"]
[Black "Unterkofler, Alex"]
[Result "1/2-1/2"]
[WhiteElo "1617"]
[BlackElo "1695"]
[PlyCount "141"]
[EventDate "2020.01.25"]

1. e4 c5 2. Nf3 g6 3. d4 cxd4 4. Nxd4 Bg7 5. Nc3 Nc6 6. Be3 d6 7. Bc4 Nf6 8.
O-O O-O 9. h3 Nxd4 10. Bxd4 Qc7 11. Bb3 Bd7 12. Re1 Bc6 13. Qe2 e6 14. Rad1 e5
15. Be3 Nxe4 16. Nd5 Bxd5 17. Bxd5 Nf6 18. Bb3 Rfd8 19. Bg5 h6 20. Bxf6 Bxf6
21. Bd5 Kg7 22. b3 Rac8 23. c4 b6 24. Qd3 Qe7 25. Qf3 Bg5 26. Qd3 f5 27. Re2 e4
28. Qd4+ Bf6 29. Qd2 Be5 30. Rf1 Qf6 31. Qe3 Bd4 32. Qd2 a5 33. a4 Bc5 34. Rd1
Re8 35. Kh1 Re5 36. Qc3 Rce8 37. Qb2 e3 38. f4 R5e7 39. Qxf6+ Kxf6 40. Kh2 g5
41. Kg3 h5 42. fxg5+ Kxg5 43. h4+ Kf6 44. Kf4 Rg7 45. g3 Rg4+ 46. Kf3 f4 47.
gxf4 Kf5 48. Bf7 Rxf4+ 49. Kg3 Rg4+ 50. Kh3 Ree4 51. Rd5+ Kf6 52. Bxh5 Rxh4+
53. Kg3 Ke7 54. Bf3 Ref4 55. Rh5 Rxh5 56. Bxh5 Rf2 57. Rxf2 exf2 58. Kg2 Kf6
59. Kf1 Kg5 60. Bd1 Kf4 61. Bh5 Ke3 62. Bg4 Kd2 63. Bd7 Kc3 64. Bb5 Kxb3 65.
Ke2 Kc3 66. Ba6 Kb4 67. Bb5 Bd4 68. Kf1 Kc3 69. Ke2 Bc5 70. Ba6 b5 71. Bxb5
1/2-1/2

[Event "51smm B Kaltern/Tramin2-Klausen"]
[Site "?"]
[Date "2020.01.25"]
[Round "6.4"]
[White "Florian, Andreas"]
[Black "Rabanser, Harald"]
[Result "1-0"]
[WhiteElo "1535"]
[BlackElo "1552"]
[PlyCount "45"]
[EventDate "2020.01.25"]

1. d4 d5 2. Bf4 e6 3. e3 a6 4. Nf3 Nf6 5. Bd3 c5 6. c3 c4 7. Bc2 Be7 8. Nbd2
Nc6 9. O-O O-O 10. Re1 b5 11. e4 dxe4 12. Nxe4 Nd5 13. Bg3 h6 14. Ne5 Nxe5 15.
Bxe5 Bf6 16. Nxf6+ Nxf6 17. Qf3 Bd7 18. Qg3 Bc6 19. Re3 Kh8 20. Qh4 Rg8 21. g4
Nh7 22. Qxh6 f5 23. Rh3 1-0

[Event "51smm B Kaltern/Tramin2-Klausen"]
[Site "?"]
[Date "2020.01.25"]
[Round "6.5"]
[White "Steger, Andreas"]
[Black "Martinelli, Michele"]
[Result "1/2-1/2"]
[WhiteElo "1531"]
[BlackElo "1628"]
[PlyCount "74"]
[EventDate "2020.01.25"]

1. Nf3 Nf6 2. c4 g6 3. b3 Bg7 4. Bb2 O-O 5. e3 Nc6 6. d4 d5 7. Nc3 Re8 8. Be2
Bf5 9. O-O Nb4 10. Rc1 c6 11. a3 Na6 12. Bd3 Bxd3 13. Qxd3 Nc7 14. Ne5 Nd7 15.
f4 f5 16. Rf3 Ne6 17. h4 Nxe5 18. fxe5 h5 19. cxd5 cxd5 20. Qb5 Nc7 21. Qxb7
Rb8 22. Qxa7 Rxb3 23. Na4 Nb5 24. Qc5 Qa8 25. Nb6 Qb7 26. Rc2 e6 27. a4 Bf8 28.
Qc6 Qxc6 29. Rxc6 Rxb2 30. axb5 Rxb5 31. Nd7 Bg7 32. Nc5 Kf7 33. Rf1 Rb2 34.
Rf2 Rb1+ 35. Rf1 Rb2 36. Rf2 Rb1+ 37. Rf1 Rb2 1/2-1/2

[Event "51smm B Ridnaun-Groeden 2"]
[Site "?"]
[Date "2020.01.25"]
[Round "6.1"]
[White "Casadio, Lorenzo"]
[Black "Aigner, Helmut"]
[Result "1/2-1/2"]
[WhiteElo "1771"]
[BlackElo "1881"]
[PlyCount "108"]
[EventDate "2020.01.25"]

1. d4 Nf6 2. c4 c5 3. d5 e6 4. Nc3 exd5 5. cxd5 d6 6. e4 g6 7. f4 Bg7 8. Bb5+
Nfd7 9. Bd3 a6 10. a4 O-O 11. Nf3 Re8 12. O-O Nf6 13. h3 Nbd7 14. Re1 Qc7 15.
Bc4 h6 16. Qd3 Rb8 17. Bd2 Nh7 18. Re2 Nb6 19. a5 Nxc4 20. Qxc4 Nf8 21. b4 Nd7
22. b5 Qd8 23. b6 Nf8 24. Rae1 Bd7 25. Bc1 Rc8 26. Kh2 f6 27. g4 g5 28. e5 dxe5
29. fxe5 fxe5 30. Nxe5 Bb5 31. Nxb5 axb5 32. Qd3 c4 33. Qf3 Qd6 34. Qg3 Qxd5
35. Ba3 Nd7 36. Nxd7 Qxd7 37. Rxe8+ Rxe8 38. Rxe8+ Qxe8 39. Qf3 Qd7 40. Kg2
Qd2+ 41. Kf1 Qxa5 42. Bc5 Qa1+ 43. Kg2 Qb2+ 44. Bf2 Qb1 45. Qxb7 c3 46. Qc8+
Kh7 47. Qe6 Qg6 48. Qc4 Be5 49. Be3 Qg7 50. Qxb5 Qb7+ 51. Kf2 Bg7 52. Qd3+ Kh8
53. Qd8+ Kh7 54. Qd3+ Kh8 1/2-1/2

[Event "51smm B Ridnaun-Groeden 2"]
[Site "?"]
[Date "2020.01.25"]
[Round "6.4"]
[White "Sparber, Werner"]
[Black "Kasslatter, Matthias"]
[Result "0-1"]
[WhiteElo "1625"]
[BlackElo "1493"]
[PlyCount "80"]
[EventDate "2020.01.25"]

1. d4 d5 2. c4 e6 3. Nc3 Nf6 4. e3 b6 5. Nf3 Bb7 6. Bd3 Bd6 7. h3 c5 8. O-O O-O
9. Re1 Nc6 10. a3 Re8 11. dxc5 bxc5 12. e4 dxc4 13. Bxc4 Ne5 14. Bb5 Rf8 15.
Bg5 Nxf3+ 16. Qxf3 Be7 17. Qe2 Qc7 18. Ba4 Rfd8 19. Rad1 Rxd1 20. Bxd1 Rd8 21.
Bc2 a6 22. Rd1 Rd4 23. Be3 Rxd1+ 24. Qxd1 h6 25. f4 Nd7 26. Qg4 Nf6 27. Qe2 c4
28. Kf1 Nd7 29. e5 Bd5 30. Qd2 Qb7 31. Na4 Qb5 32. Nc3 Qb7 33. Ba4 Nc5 34. Bxc5
Bxc5 35. Nxd5 exd5 36. Bc2 d4 37. Bf5 g6 38. Bg4 Qe4 39. Qc1 d3 40. e6 Qd4 0-1

[Event "51smm B Steinegg-Bruneck"]
[Site "?"]
[Date "2020.01.25"]
[Round "6.1"]
[White "Balzarini, Franco"]
[Black "Engl, Stefan"]
[Result "0-1"]
[WhiteElo "1832"]
[BlackElo "1984"]
[PlyCount "128"]
[EventDate "2020.01.25"]

1. d4 e6 2. e3 f5 3. Bd3 Nf6 4. Nd2 d5 5. c4 c6 6. Ngf3 Bd6 7. b3 O-O 8. Bb2
Ne4 9. O-O Nd7 10. Ne5 Qe7 11. Nxd7 Bxd7 12. Nf3 Rf6 13. Ne5 Rh6 14. f4 Bxe5
15. dxe5 Qh4 16. h3 Rd8 17. Qe1 Qxe1 18. Rfxe1 Kf7 19. Rac1 Rg8 20. cxd5 exd5
21. Rf1 Be6 22. Bd4 a6 23. Rc2 Ke7 24. b4 g5 25. fxg5 Rxg5 26. Kh2 Rgh5 27. Rf4
Rg6 28. a4 Bd7 29. Rf1 Rg8 30. b5 axb5 31. axb5 Ra8 32. bxc6 bxc6 33. Rb1 Ke6
34. Rb7 Rg5 35. Be2 Rc8 36. g4 c5 37. Bb2 h5 38. h4 Rxg4 39. Bxg4 fxg4 40. Rb6+
Rc6 41. Rb8 Rc8 42. Rb7 Rf8 43. Rb6+ Ke7 44. Ba1 Rf2+ 45. Rxf2 g3+ 46. Kg2 gxf2
47. Rb7 Kd8 48. Rb1 Nd2 49. Rd1 f1=Q+ 50. Rxf1 Bh3+ 51. Kxh3 Nxf1 52. Kg2 Nxe3+
53. Kf3 Nf5 54. Kf4 Nxh4 55. Kg5 Ng2 56. Kxh5 Kd7 57. Kg4 Ke6 58. Bc3 d4 59.
Ba5 Kxe5 60. Kf3 Ne3 61. Bb6 Kd5 62. Ke2 c4 63. Kf3 c3 64. Ke2 c2 0-1

[Event "51smm B Steinegg-Bruneck"]
[Site "?"]
[Date "2020.01.25"]
[Round "6.2"]
[White "Pichler, Martin"]
[Black "Niederkofler, Andreas"]
[Result "1/2-1/2"]
[WhiteElo "1835"]
[BlackElo "1805"]
[PlyCount "61"]
[EventDate "2020.01.25"]

1. e4 c5 2. Nc3 d6 3. f4 Nf6 4. Nf3 e6 5. Bb5+ Bd7 6. Bxd7+ Nbxd7 7. d3 g6 8.
O-O Bg7 9. Bd2 a6 10. Qe1 O-O 11. Rb1 b5 12. Ne2 c4 13. e5 Qb6+ 14. d4 dxe5 15.
fxe5 Ne4 16. Ba5 Qb7 17. Qh4 Rfe8 18. Rbe1 f5 19. a3 Nb8 20. Ng3 Nxg3 21. Qxg3
Nc6 22. Bd2 b4 23. a4 Qd7 24. c3 bxc3 25. bxc3 Rab8 26. h4 Rb2 27. h5 Ne7 28.
Bg5 gxh5 29. Qh4 Ng6 30. Qxh5 Rb3 31. Bd2 1/2-1/2

[Event "51smm B Steinegg-Bruneck"]
[Site "?"]
[Date "2020.01.25"]
[Round "6.3"]
[White "Scanferla, Antonio"]
[Black "Engl, Alexander"]
[Result "0-1"]
[WhiteElo "1466"]
[BlackElo "1803"]
[PlyCount "90"]
[EventDate "2020.01.25"]

1. e4 e6 2. d4 d5 3. exd5 exd5 4. Bd3 Bd6 5. Nf3 Nc6 6. O-O Bg4 7. c3 Nge7 8.
Bg5 f6 9. Bh4 Qd7 10. Nbd2 O-O-O 11. b4 g5 12. Bg3 Nf5 13. Bxd6 Nxd6 14. Qa4
Kb8 15. Rfc1 Nxd4 16. Qxd7 Nxf3+ 17. Nxf3 Rxd7 18. Nd4 Re7 19. Re1 Rhe8 20. Kf1
Rxe1+ 21. Rxe1 Rxe1+ 22. Kxe1 h5 23. f3 Bd7 24. Kf2 h4 25. Ke3 Kc8 26. f4 Kd8
27. f5 Ke7 28. g4 hxg3 29. hxg3 Nf7 30. g4 Ne5 31. Be2 Kd6 32. Nb3 b6 33. Kd4
Ba4 34. b5 Bxb3 35. axb3 c5+ 36. bxc6 Nxc6+ 37. Ke3 Ke5 38. b4 d4+ 39. cxd4+
Nxd4 40. Bd1 Nc6 41. b5 Nd4 42. Ba4 Kd5 43. Kd3 Kc5 44. Ke4 Ne2 45. Kd3 Kb4 0-1